Home Print Resources E-Books E-Journals IIMT Lecture Series Library Membership Form Book Recommendation Form Campus Tour Take AdmissionAbout Us Contact Us

EMBRACING UNCASTING (Record no. 1768)

000 -LEADER
fixed length control field 00320nam a2200145Ia 4500
003 - CONTROL NUMBER IDENTIFIER
control field OSt
005 - DATE AND TIME OF LATEST TRANSACTION
control field 20240321114640.0
008 - FIXED-LENGTH DATA ELEMENTS--GENERAL INFORMATION
fixed length control field 170523s9999 xx 000 0 und d
020 ## - INTERNATIONAL STANDARD BOOK NUMBER
International Standard Book Number NIL
040 ## - CATALOGING SOURCE
Transcribing agency IIMTU MEERUT
100 ## - MAIN ENTRY--PERSONAL NAME
Personal name CLRNFORTT
245 #0 - TITLE STATEMENT
Title EMBRACING UNCASTING
260 ## - PUBLICATION, DISTRIBUTION, ETC.
Name of publisher, distributor, etc. TATA MC GRAW HILL
942 ## - ADDED ENTRY ELEMENTS (KOHA)
Source of classification or shelving scheme
Koha item type Book Bank
Holdings
Withdrawn status Lost status Source of classification or shelving scheme Damaged status Not for loan Home library Current library Date acquired Barcode Date last seen Uniform Resource Identifier Price effective from Koha item type
          IIMT University Central Library Meerut IIMT University Central Library Meerut 05/31/2017 01-B-8563 05/31/2017 management 05/31/2017 Book Bank
          IIMT University Central Library Meerut IIMT University Central Library Meerut 05/31/2017 01-B-8564 05/31/2017 management 05/31/2017 Book Bank
          IIMT University Central Library Meerut IIMT University Central Library Meerut 05/31/2017 01-B-8565 05/31/2017 management 05/31/2017 Book Bank
          IIMT University Central Library Meerut IIMT University Central Library Meerut 05/31/2017 01-B-8566 05/31/2017 management 05/31/2017 Book Bank
          IIMT University Central Library Meerut IIMT University Central Library Meerut 05/31/2017 01-B-8567 05/31/2017 management 05/31/2017 Book Bank
IIMT, Central Library. All Rights Reserved IIMT,UNIVERSITY © 2023
Implemented and Customised by I CLOUDE EMS
You Are OPAC Visitor No
free web counter

Powered by Koha